00390nam a2200145Ia 4500008004100000020001500041041001200056082001600068100001600084245006600100260004800166300000800214650000700222700001500229221030s9999 xx 000 0 und d a8122412343 aEnglish a105.23bGup aB. R. Gupta 0aFundamentals of Electric Machinescby B. R. Gupta, V. Singhal bNew Age International Pub.aNew Delhic2001 a556 aEE aV. Singhal